000 00480nam a2200181 a 4500
001 1772188197999
003 YourLibrary
005 20260227160154.0
008 260227s2008##################000#0#eng##
020 _a9780737739756
082 0 4 _a324.60973
_bWIL
100 1 _aWilson, Mike,
_eauthor.
245 1 0 _aThe Election Process :
260 _bGreenhaven Press, Incorporated,
_c2008.
650 0 _aElections.
942 _cENGLISH
040 _aYourLibrary
_beng
_cYourLibrary
999 _c615958
_d615958